书目信息 |
| 题名: |
经济全球化与当代国际贸易
|
|
| 作者: | 裴长洪 , 彭磊 , 赵忠秀 著 | |
| 分册: | ||
| 出版信息: | 北京 社会科学文献出版社 2007.05 |
|
| 页数: | 401页 | |
| 开本: | 24cm | |
| 丛书名: | ||
| 单 册: | ||
| 中图分类: | F74 | |
| 科图分类: | ||
| 主题词: | 经济一体化--jing ji yi ti hua--影响--国际贸易--研究 | |
| 电子资源: | ||
| ISBN: | 978-7-80230-584-7 | |
| 000 | 01104nam0 2200277 450 | |
| 001 | 012007000000 | |
| 005 | 20080922110630.09 | |
| 010 | @a978-7-80230-584-7@dCNY59.00 | |
| 100 | @a20070525d2007 em y0chiy0121 ea | |
| 101 | 0 | @achi@eeng |
| 102 | @aCN@b110000 | |
| 105 | @aak a 000yy | |
| 200 | 1 | @a经济全球化与当代国际贸易@Ajing ji quan qiu hua yu dang dai guo ji mao yi@d= Economy globalization and international trade nowadays@f裴长洪, 赵忠秀, 彭磊著@zeng |
| 210 | @a北京@c社会科学文献出版社@d2007.05 | |
| 215 | @a401页@c图@d24cm | |
| 320 | @a有书目 (第396-401页) | |
| 330 | @a本书以国际贸易为主线,从当代经济全球化的发展切入,从宏观和微观两个不同角度展开论述,内容广泛,观点清晰,主要涉及国际分工理论、国际垄断资本主义新阶段理论等问题。 | |
| 510 | 1 | @aEconomy globalization and international trade nowadays@zeng |
| 606 | 0 | @a经济一体化@Ajing ji yi ti hua@x影响@x国际贸易@x研究 |
| 690 | @aF74@v4 | |
| 701 | 0 | @a裴长洪@Apei chang hong@4著 |
| 701 | 0 | @a彭磊@Apeng lei@4著 |
| 701 | 0 | @a赵忠秀@Azhao zhong xiu@4著 |
| 801 | @aCN@bLR@c20080922 | |
| 905 | @aZUCC@dF74@eP370 | |
| 999 | @aCL | |
| 经济全球化与当代国际贸易= Economy globalization and international trade nowadays/裴长洪, 赵忠秀, 彭磊著.-北京:社会科学文献出版社,2007.05 |
| 401页:图;24cm |
| ISBN 978-7-80230-584-7:CNY59.00 |
| 本书以国际贸易为主线,从当代经济全球化的发展切入,从宏观和微观两个不同角度展开论述,内容广泛,观点清晰,主要涉及国际分工理论、国际垄断资本主义新阶段理论等问题。 |
| ● |
| 相关链接 |
|
|
|
正题名:经济全球化与当代国际贸易
索取号:F74/P370
 
预约/预借
| 序号 | 登录号 | 条形码 | 馆藏地/架位号 | 状态 | 备注 |
| 1 | 679894 | 206798946 | 社科库409/409社科库 47排6列5层/ [索取号:F74/P370] | 在馆 | |
| 2 | 679895 | 206798955 | 社科库409/422社科库 35排2列3层/ [索取号:F74/P370] | 在馆 | |
| 3 | 679896 | 206798964 | 社科库409/409社科库 47排6列5层/ [索取号:F74/P370] | 在馆 |